| 000 | 00852cam a2200277 a 4500 | ||
|---|---|---|---|
| 001 | 1848820 | ||
| 003 | ARRUPE | ||
| 005 | 20130916165123.0 | ||
| 008 | 820804s1980 enk b 001 0 eng | ||
| 010 | _a 81145449 | ||
| 015 | _aGB80-23993 | ||
| 020 |
_a0333277589 (pbk.) : _c£2.95 |
||
| 040 |
_aDLC _cDLC _dDLC |
||
| 043 | _ae-uk--- | ||
| 050 | 0 | 0 |
_aBR759 _b.H5 |
| 082 | 0 | 0 |
_a261.2/0941 _219 |
| 100 | 1 |
_aHick, John, _d1922-2012. _9159 |
|
| 245 | 1 | 0 |
_aGod has many names : _bBritain's new religious pluralism / _cJohn Hick. |
| 260 |
_aLondon : _bMacmillan, _c1980. |
||
| 300 |
_aix, 108 p. ; _c23 cm. |
||
| 650 | 0 |
_aChristianity _zGreat Britain. _9160 |
|
| 650 | 0 |
_aChristianity and other religions. _9161 |
|
| 650 | 0 |
_aReligious pluralism _zGreat Britain. _9162 |
|
| 906 |
_a7 _bcbc _corignew _d3 _encip _f19 _gy-gencatlg |
||
| 942 |
_2lcc _cMONOGRAPH |
||
| 999 |
_c117787 _d117787 |
||